Mountain Peaks - Match - Statistics

General Stats
  • This quiz has been taken 11 times
  • The average score is 6 of 16
Answer Stats
Picture Answer % Correct
The Matterhorn
100%
Mount Everest
78%
Mount Fuji
78%
K2
67%
Mount Kilimanjaro
56%
Denali
44%
Mont Blanc
44%
Mount Rainier
44%
Aconcagua
33%
Mauna Kea
33%
Annapurna
22%
Mount Elbrus
22%
Mount Ararat
11%
Mount Logan
11%
Mount Etna
0%
Vinson Massif
0%
No matching quizzes found
Score Distribution
Percent of People with Each Score
Percentile by Number Answered
Your Score History
You have not taken this quiz